| 000 | 00906nam a22002537a 4500 | ||
|---|---|---|---|
| 005 | 2010080203083.0 | ||
| 010 | _aENG-97764 | ||
| 020 |
_a9780415446037 _c295.00 |
||
| 020 |
_a9780415446112 _c295.00 |
||
| 035 | _aEN-81297 | ||
| 037 | _bDBAD/PUB | ||
| 082 | _a954.035092 | ||
| 245 |
_aM.N. Roy : _bmarxism and colonial cosmopolitanism / _cby Manjapra Kris |
||
| 260 |
_aNew Delhi _bRoutledge _c2010 |
||
| 270 |
_a912 Tolstoy House, 15-17 Tolstoy Marg, _bNew Delhi _e110001 |
||
| 300 |
_a201p. _c22cm (pbk) |
||
| 500 | _aIncludes bibliographical reference and index | ||
| 650 |
_aCmmunist _96650 |
||
| 650 |
_aPhilosophers _96651 |
||
| 650 |
_aRevolutioneries _96652 |
||
| 700 | _94212 | ||
| 942 |
_2ddc _cEN _h954.35092 _mMAN |
||
| 999 |
_c38662 _d38662 |
||